[Event "Druzynowe Mistrzostwa Polski Juniorow - Ekstraliga"]
[Site "Centrum Wypoczynkowo-Szkoleniowe Gwarek, Ustron"]
[Date "1899-12-30"]
[Round "6.17"]
[White "Gazikova, Veronika"]
[Black "Kopica, Paulina"]
[Result "0-1"]
[WhiteTitle "WFM"]
[BlackTitle "I++"]
[WhiteElo "2263"]
[BlackElo "1788"]

1. e4 e6 2. d4 d5 3. Nd2 a6 4. Ngf3 c5 5. exd5 exd5 6. dxc5 Bxc5 7. Nb3 Bb6 8.
Bg5 Qd6 9. Be2 Nc6 10. O-O Bg4 11. Re1 Nge7 12. Nfd4 Be6 13. Bg4 Bxg4 14. Qxg4
O-O 15. Rad1 Qg6 16. Qf4 Rfe8 17. h3 h6 18. Bh4 Rac8 19. Qf3 Nxd4 20. Nxd4 Bxd4
21. Rxd4 Nf5 22. Rxe8+ Rxe8 23. Rg4 Nxh4 24. Qc3 d4 25. Qg3 Nf5 26. Rxg6 Nxg3
27. Rxg3 Re1+ 28. Kh2 Re2 29. Rd3 Rxc2 30. Rxd4 Rxb2 31. a4 Rxf2 32. Rb4 Ra2 33.
Rxb7 Rxa4 34. Ra7 Ra1 35. Kg3 g6 36. Kf3 Kg7 37. Ke3 Kf6 38. Kf4 Ra4+ 39. Kf3
Ke6 40. Ke3 h5 41. Kf3 f6 42. Rg7 g5 43. Rh7 h4 44. Rc7 Kd6 45. Rf7 Rf4+ 46. Ke3
Kc5 47. Rb7 a5 48. Ra7 Kb4 49. Rb7+ Ka3 50. Rb6 a4 51. Ra6 Ka2 52. Ke2 a3 53.
Ke3 Kb2 54. Rb6+ Ka1 55. Rb3 Ka2 56. Rb6 Rf1 57. Ke2 Rg1 58. Kf2 Rb1 59. Rxf6
Rb3 60. Re6 Ka1 61. Kg1 a2 62. Re2 Kb1 63. Re1+ Kb2 64. Re2+ Ka3 0-1

[Event "Druzynowe Mistrzostwa Polski Juniorow - Ekstraliga"]
[Site "Centrum Wypoczynkowo-Szkoleniowe Gwarek, Ustron"]
[Date "1899-12-30"]
[Round "6.18"]
[White "Trusz, Julia"]
[Black "Kulpa, Zuzanna"]
[Result "1/2-1/2"]
[WhiteTitle "I"]
[BlackTitle "I"]
[WhiteElo "1510"]
[BlackElo "1589"]

1. e4 e5 2. Nf3 Nf6 3. Nxe5 d6 4. Nf3 Nxe4 5. c4 Nc6 6. Nc3 Nxc3 7. bxc3 Be7 8.
d4 Bf5 9. Bd3 Qd7 10. O-O O-O 11. Bf4 Bf6 12. Qc2 Bxd3 13. Qxd3 Rfe8 14. Rfe1
Na5 15. Nd2 Qa4 16. Reb1 b6 17. Rb4 Qc6 18. Rb5 g6 19. Be3 a6 20. Rbb1 Bg7 21.
Re1 Qa4 22. Reb1 Rad8 23. Rb4 Qd7 24. Re1 Re6 25. Nb1 Ree8 26. Na3 d5 27. c5 bxc5
28. dxc5 Nc6 29. Rbb1 Bxc3 30. Qxc3 d4 31. Bxd4 Nxd4 32. Qc4 Ne2+ 33. Kf1 Qd2
34. Nc2 Nc3 35. Rxe8+ Rxe8 36. Re1 Rxe1+ 37. Nxe1 Nd1 38. Qe2 Qxe2+ 39. Kxe2 Nc3+
40. Kd3 Nxa2 41. Kc4 Nc1 42. Kb4 Kf8 43. Ka5 Nb3+ 44. Kb4 Nd4 45. Ka5 Nb3+ 1/2-1/2

[Event "Druzynowe Mistrzostwa Polski Juniorow - Ekstraliga"]
[Site "Centrum Wypoczynkowo-Szkoleniowe Gwarek, Ustron"]
[Date "1899-12-30"]
[Round "6.19"]
[White "Chomczyk, Marek"]
[Black "Piotrowski, Przemyslaw"]
[Result "1-0"]
[WhiteTitle "k"]
[BlackTitle "k"]
[WhiteElo "2165"]
[BlackElo "2292"]

1. d4 d6 2. c4 e5 3. dxe5 dxe5 4. Qxd8+ Kxd8 5. Nc3 Be6 6. Nf3 f6 7. e4 c6 8. Be3
Nd7 9. Na4 Kc7 10. Rc1 Nh6 11. Bxh6 gxh6 12. g3 h5 13. b3 Bb4+ 14. Ke2 Bg4 15.
h3 Bxf3+ 16. Kxf3 Nf8 17. h4 Ne6 18. Bh3 Nd4+ 19. Kg2 Rhg8 20. Rcd1 b6 21. Nb2
Bf8 22. Nd3 Bh6 23. Ne1 a5 24. Nf3 c5 25. Nxd4 cxd4 26. a4 Kd6 27. Kf3 Kc5 28.
Ke2 Kb4 29. Rd3 Rgd8 30. Rhd1 Rd6 31. Rf3 Ra7 32. Rdd3 b5 33. axb5 a4 34. bxa4
Kxc4 35. Ra3 Bc1 36. Rab3 Rxa4 37. b6 d3+ 38. Rfxd3 Ra2+ 39. Kf1 Rxd3 40. Be6+
Kd4 41. b7 Rd1+ 42. Kg2 Rdd2 43. Rb4+ 1-0

[Event "Druzynowe Mistrzostwa Polski Juniorow - Ekstraliga"]
[Site "Centrum Wypoczynkowo-Szkoleniowe Gwarek, Ustron"]
[Date "1899-12-30"]
[Round "6.20"]
[White "Kulas, Szymon"]
[Black "Nowak, Lukasz"]
[Result "1/2-1/2"]
[WhiteTitle "k"]
[BlackTitle "k"]
[WhiteElo "2243"]
[BlackElo "2116"]

1. d4 Nf6 2. Nf3 g6 3. g3 Bg7 4. Bg2 O-O 5. c4 d6 6. O-O Nbd7 7. Nc3 e5 8. dxe5
dxe5 9. Qc2 c6 10. Rd1 Qe7 11. Nd2 Ne8 12. b4 f5 13. c5 e4 14. Nc4 Ne5 15. Nd6
Nxd6 16. cxd6 Qf6 17. Na4 Rd8 18. Bb2 Rxd6 19. f4 exf3 20. exf3 Qd8 21. Rxd6 Qxd6
22. Rd1 Qe7 23. Qe2 Qe6 24. Bf1 Nf7 25. Qd2 Qd5 26. Qe2 Qe6 27. Qd2 Qd5 28. Qe2
Qe6 29. Qd2 1/2-1/2

[Event "Druzynowe Mistrzostwa Polski Juniorow - Ekstraliga"]
[Site "Centrum Wypoczynkowo-Szkoleniowe Gwarek, Ustron"]
[Date "1899-12-30"]
[Round "6.21"]
[White "Kowalski, Igor"]
[Black "Gumularz, Szymon"]
[Result "1/2-1/2"]
[WhiteTitle "k"]
[BlackTitle "I++"]
[WhiteElo "2146"]
[BlackElo "2284"]

1. c4 Nf6 2. d4 e6 3. Nf3 d5 4. e3 c5 5. cxd5 exd5 6. Bb5+ Bd7 7. Bxd7+ Nbxd7 8.
O-O Be7 9. Nc3 O-O 10. Ne5 cxd4 11. exd4 Bb4 12. Bg5 Bxc3 13. bxc3 Qc7 14. Bxf6
Nxf6 15. Qd3 Rac8 16. Rac1 Nd7 17. f4 Nf6 18. Rf3 Ne4 19. c4 f6 20. Ng4 Rfe8 21.
c5 Qc6 22. Rb1 b6 23. cxb6 axb6 24. Ne3 Ra8 25. Nc2 Qd6 26. Rb2 Rec8 27. Rf1 Rc4
28. Ne3 Rc3 29. Qe2 Rac8 30. Rb5 Rc1 31. Nxd5 Rxf1+ 32. Qxf1 Qa3 33. Rb3 Qxa2
34. Ne7+ Kf8 35. Re3 Qd2 36. Nxc8 Qxe3+ 37. Kh1 Nf2+ 38. Kg1 Ne4+ 39. Kh1 Qxd4
40. g3 Qc5 41. Qb1 Nd2 42. Qd3 Qc6+ 43. Kg1 Nf3+ 44. Kf2 Qxc8 45. Kxf3 Qb7+ 46.
Kf2 g6 47. Qa3+ Kg7 48. Qb4 b5 49. g4 Qc7 50. Kf3 Qc6+ 51. Kg3 Kf7 52. Qb3+ Qc4
53. Qa3 Kg7 54. Qe7+ Qf7 55. Qb4 Qd7 56. Qc3 h6 57. h3 Qe7 58. Qc6 b4 59. Qb6
Qe1+ 60. Kg2 Qe2+ 61. Kg3 Qe7 62. Kf3 g5 63. f5 h5 64. gxh5 1/2-1/2

[Event "Druzynowe Mistrzostwa Polski Juniorow - Ekstraliga"]
[Site "Centrum Wypoczynkowo-Szkoleniowe Gwarek, Ustron"]
[Date "1899-12-30"]
[Round "6.22"]
[White "Czopor, Maciej"]
[Black "Pacan-milej, Kosma"]
[Result "0-1"]
[WhiteTitle "I+"]
[BlackTitle "I"]
[WhiteElo "1791"]
[BlackElo "1851"]

1. e4 c5 2. Nf3 d6 3. d4 cxd4 4. Nxd4 Nf6 5. Nc3 a6 6. Be3 e5 7. Nf3 Be7 8. Bc4
O-O 9. a4 Be6 10. Qe2 Nc6 11. O-O Na5 12. Bxe6 fxe6 13. Ng5 Qc8 14. Rad1 h6 15.
Nh3 Qc4 16. Qxc4 Nxc4 17. Bc1 g5 18. b3 Na5 19. f3 Rac8 20. Rd3 Nc6 21. Ba3 Nd4
22. Rf2 Rc6 23. Nd1 Nxc2 24. Bb2 Rfc8 25. Bc3 Nd4 26. Bxd4 exd4 27. Rfd2 e5 28.
Nb2 Nd7 29. b4 b5 30. axb5 axb5 31. Ra3 Nb6 32. Nf2 Nc4 33. Nxc4 bxc4 34. Nd1
Rb6 35. Ra7 Kf8 36. Ra4 Rcb8 37. b5 c3 38. Rc2 Rxb5 39. Kf2 Rb2 40. Ra2 Rxa2 41.
Rxa2 Rb1 42. Ke2 d3+ 43. Kxd3 Rxd1+ 44. Kxc3 h5 45. h3 g4 46. Ra8+ Kg7 47. hxg4
hxg4 48. Ra2 Kf6 49. fxg4 Rd4 50. Rf2+ Kg6 51. Re2 Kg5 52. Re3 Kxg4 53. g3 Bg5
54. Re1 Kxg3 55. Kc2 Kf4 56. Rg1 Rxe4 57. Rd1 Rd4 58. Rf1+ Kg4 59. Rg1+ Kf5 60.
Rf1+ Kg6 61. Rf8 d5 62. Rg8+ Kf6 63. Rf8+ Kg7 64. Rf5 Bf6 65. Kc3 Rf4 66. Rh5
d4+ 67. Kc4 e4 68. Ra5 e3 69. Kd3 Rf2 70. Ra7+ Kg6 71. Ra6 Rd2+ 72. Ke4 e2 0-1

[Event "Druzynowe Mistrzostwa Polski Juniorow - Ekstraliga"]
[Site "Centrum Wypoczynkowo-Szkoleniowe Gwarek, Ustron"]
[Date "1899-12-30"]
[Round "6.23"]
[White "Pastuszko, Kinga"]
[Black "Dadello, Aleksandra"]
[Result "1-0"]
[WhiteTitle "k"]
[BlackTitle "I++"]
[WhiteElo "1877"]
[BlackElo "2068"]

1. e4 c6 2. d4 d5 3. Nc3 dxe4 4. Nxe4 Nf6 5. Nxf6+ exf6 6. Nf3 Bg4 7. Be2 Bd6 8.
O-O O-O 9. c3 Qc7 10. h3 Bh5 11. Nd2 Bxe2 12. Qxe2 Nd7 13. Nc4 Rfe8 14. Qg4 Re6
15. Bh6 g6 16. Rae1 Rae8 17. Re3 b5 18. Nxd6 Qxd6 19. Bf4 Qd5 20. b3 Rxe3 21.
Bxe3 Nb6 22. Qf4 Qe6 23. Qc7 Nd5 24. Qxa7 Nxe3 25. Re1 Qe4 26. Rxe3 Qb1+ 27. Kh2
Rxe3 28. fxe3 Qe4 29. a4 Qxe3 30. Qb8+ Kg7 31. a5 Kh6 32. a6 f5 33. Qe5 Qf2 34.
a7 f6 35. Qg3 Qa2 36. Qb8 Qf2 37. a8=Q f4 38. Qa1 1-0

[Event "Druzynowe Mistrzostwa Polski Juniorow - Ekstraliga"]
[Site "Centrum Wypoczynkowo-Szkoleniowe Gwarek, Ustron"]
[Date "1899-12-30"]
[Round "6.24"]
[White "Dwilewicz, Agata"]
[Black "Kaczmarska, Joanna"]
[Result "0-1"]
[WhiteTitle "I"]
[BlackTitle "k"]
[WhiteElo "1659"]
[BlackElo "1876"]

1. e4 c6 2. d4 d5 3. Nc3 dxe4 4. Nxe4 Nf6 5. Nxf6+ gxf6 6. Bf4 Bf5 7. Nf3 e6 8.
Nh4 Bg6 9. Nxg6 hxg6 10. Qd2 Nd7 11. Be2 Be7 12. O-O-O Nb6 13. Kb1 f5 14. Bg3
Qd5 15. Bf3 Qd7 16. Be2 g5 17. f4 g4 18. c3 O-O-O 19. Qc2 Nd5 20. Qd2 Kb8 21.
Bd3 Nf6 22. Qe2 Qc7 23. Rde1 Bd6 24. Rhf1 Nd5 25. Qd2 Ka8 26. Bc4 Nf6 27. Bd3
c5 28. dxc5 Bxc5 29. Qc2 Nd5 30. Qc1 Qb6 31. Re2 Ne3 32. Rxe3 Bxe3 33. Qc2 Bg1
34. a4 Bc5 35. Ka1 a6 36. b4 Bxb4 37. Bf2 Bc5 38. Rb1 Qc6 39. Bxc5 Qxc5 40. Qb3
Qc6 41. c4 Rxh2 42. Bf1 Rhh8 43. a5 Rd2 44. Rb2 Rxb2 45. Kxb2 Rd8 46. Qc3 Qc5
47. Kb3 Qd4 48. Qxd4 Rxd4 49. g3 Rd1 50. Be2 Re1 51. Bd3 Re3 0-1

[Event "Druzynowe Mistrzostwa Polski Juniorow - Ekstraliga"]
[Site "Centrum Wypoczynkowo-Szkoleniowe Gwarek, Ustron"]
[Date "1899-12-30"]
[Round "6.25"]
[White "Kiolbasa, Oliwia"]
[Black "Koziol, Kamil"]
[Result "1-0"]
[WhiteTitle "WFM"]
[BlackTitle "k"]
[WhiteElo "2210"]
[BlackElo "2132"]

1. e4 c6 2. d4 d5 3. Nc3 dxe4 4. Nxe4 Nf6 5. Nxf6+ gxf6 6. Nf3 Bf5 7. Bd3 Bg6 8.
O-O Qc7 9. Re1 Nd7 10. g3 e6 11. Bf1 O-O-O 12. Bd2 Bd6 13. c4 c5 14. b4 b6 15.
Qa4 cxb4 16. Bxb4 Bxb4 17. Qxb4 Nb8 18. Bg2 Nc6 19. Qc3 Qd6 20. c5 bxc5 21. Rac1
Rd7 22. Qa3 Kd8 23. Rxc5 Ke7 24. d5 Nd8 25. Nd4 Re8 26. Nb5 1-0

[Event "Druzynowe Mistrzostwa Polski Juniorow - Ekstraliga"]
[Site "Centrum Wypoczynkowo-Szkoleniowe Gwarek, Ustron"]
[Date "1899-12-30"]
[Round "6.26"]
[White "Tomaszewski, Kacper"]
[Black "Szostko, Jakub"]
[Result "1/2-1/2"]
[WhiteTitle "k"]
[BlackTitle "FM"]
[WhiteElo "2207"]
[BlackElo "2319"]

1. d4 Nf6 2. c4 e6 3. Nc3 d5 4. Nf3 Bb4 5. cxd5 exd5 6. Bg5 h6 7. Bxf6 Qxf6 8.
Qa4+ Nc6 9. e3 O-O 10. Be2 Qg6 11. O-O Bxc3 12. bxc3 a6 13. Ne1 Bf5 14. Qb3 Qd6
15. g4 Bd7 16. Ng2 Ne7 17. Rae1 f5 18. h3 Ng6 19. f4 b5 20. h4 fxg4 21. h5 Ne7
22. e4 c5 23. e5 Qb6 24. Ne3 c4 25. Qd1 Bf5 26. Bxg4 Qe6 27. Nxf5 Nxf5 28. Qf3
Rae8 29. Qh3 Qf7 30. e6 Rxe6 31. Re5 Rf6 32. Rfe1 Kh8 33. Bf3 Rd6 34. Bg4 Rf6
35. Bf3 Rd6 36. Bg4 Rf6 1/2-1/2

[Event "Druzynowe Mistrzostwa Polski Juniorow - Ekstraliga"]
[Site "Centrum Wypoczynkowo-Szkoleniowe Gwarek, Ustron"]
[Date "1899-12-30"]
[Round "6.27"]
[White "Kosakowski, Jakub"]
[Black "Posluszny, Tomasz"]
[Result "1-0"]
[WhiteTitle "k"]
[BlackTitle "II"]
[WhiteElo "2149"]
[BlackElo "1440"]

1. e4 c5 2. Nf3 e6 3. d4 cxd4 4. Nxd4 Nf6 5. Nc3 Nc6 6. Ndb5 Bb4 7. a3 Bxc3+ 8.
Nxc3 d5 9. exd5 exd5 10. Bd3 d4 11. Ne2 O-O 12. O-O Bg4 13. f3 Bh5 14. Nf4 Bg6
15. Nxg6 hxg6 16. f4 Ne7 17. Bd2 Qb6 18. Qf3 Rfe8 19. b3 Nfd5 20. Rae1 Rad8 21.
Re5 f6 22. Re2 Kf7 23. Rfe1 Qc6 24. Qf2 Nb6 25. Rxe7+ Rxe7 26. Bxg6+ Kf8 27. Bb4
Rd6 28. Rxe7 Kxe7 29. Qxd4 Qd5 30. Qe4+ Kd7 31. Bf5+ Kc7 32. Bxd6+ Kxd6 33. g3
Qxe4 34. Bxe4 Kc7 35. Kf2 a5 36. g4 Nd7 37. h4 Nc5 38. Bf5 Kd6 39. Ke3 Kd5 40.
Be4+ Nxe4 41. c4+ Kc5 42. Kxe4 a4 43. bxa4 Kxc4 44. g5 fxg5 45. fxg5 Kb3 46. h5
Kxa4 47. h6 gxh6 48. gxh6 Kxa3 49. h7 b5 50. h8=Q b4 51. Qa1+ Kb3 52. Kd4 Kc2
53. Qa2+ Kc1 54. Kd3 b3 55. Qa1# 1-0

[Event "Druzynowe Mistrzostwa Polski Juniorow - Ekstraliga"]
[Site "Centrum Wypoczynkowo-Szkoleniowe Gwarek, Ustron"]
[Date "1899-12-30"]
[Round "6.28"]
[White "Grochol, Kamil"]
[Black "Filewicz, Radoslaw"]
[Result "0-1"]
[WhiteTitle "II"]
[BlackTitle "I"]
[WhiteElo "1402"]
[BlackElo "1773"]

1. e4 c5 2. Nf3 e6 3. Nc3 a6 4. a4 d6 5. d4 cxd4 6. Nxd4 Qc7 7. Be2 Nf6 8. O-O
Be7 9. f4 Nbd7 10. Bf3 O-O 11. Be3 Nb6 12. Qd3 g6 13. Rad1 e5 14. Nde2 Be6 15.
Rfe1 Nc4 16. Bc1 Qc5+ 17. Kh1 Rac8 18. b3 Na5 19. Be3 Qc7 20. f5 Bd7 21. Bh6 Rfd8
22. Rf1 d5 23. g4 dxe4 24. Bxe4 Bxf5 25. Qe3 Bxg4 26. Qf2 Be6 27. Bg2 Ng4 0-1

[Event "Druzynowe Mistrzostwa Polski Juniorow - Ekstraliga"]
[Site "Centrum Wypoczynkowo-Szkoleniowe Gwarek, Ustron"]
[Date "1899-12-30"]
[Round "6.29"]
[White "Burakowska, Gabriela"]
[Black "Cieslak, Wiktoria"]
[Result "0-1"]
[WhiteTitle "I++"]
[BlackTitle "k"]
[WhiteElo "1785"]
[BlackElo "1795"]

1. d4 Nf6 2. c4 e6 3. Nc3 Bb4 4. Nf3 b6 5. Bd2 Bb7 6. e3 O-O 7. Be2 d6 8. a3 Bxc3
9. Bxc3 Ne4 10. Qc2 Nd7 11. b4 c5 12. dxc5 bxc5 13. Bb2 cxb4 14. axb4 Qb6 15.
O-O e5 16. Rab1 Rac8 17. Nd2 f5 18. c5 Qxb4 19. Bc1 Qxc5 20. Qd3 Qd5 21. Qxd5+
Bxd5 22. Nxe4 Bxe4 23. Ra1 Rc7 24. Ba3 Nc5 25. f3 Ba8 26. Rfd1 d5 27. Bxc5 Rxc5
28. Rxa7 Rc2 29. Bd3 Rcc8 30. Rda1 e4 31. Be2 Bc6 32. Rc1 Rf7 33. Ba6 Rxa7 34.
Bxc8 Bd7 35. Bxd7 Rxd7 36. Kf2 Kf7 37. Rc6 Ra7 38. Rd6 Ra2+ 39. Kg3 Rd2 40. Ra6
g5 41. fxe4 dxe4 42. Ra7+ Kg6 43. Ra6+ Kg7 44. Ra5 Kf6 45. Ra6+ Ke5 46. Ra5+ Rd5
47. Ra2 h5 48. Kf2 f4 49. Ke2 Kf5 50. h3 g4 51. hxg4+ Kxg4 52. Ra8 f3+ 53. gxf3+
exf3+ 54. Kf2 Rd2+ 55. Kf1 h4 56. Rg8+ Kf5 57. Rf8+ Ke4 58. Re8+ Kd3 59. Rf8 Kxe3
60. Re8+ Kf4 61. Rf8+ Kg3 62. Rg8+ Kh2 63. Rg4 h3 64. Rg7 Rg2 65. Rf7 Kg3 66.
Rg7+ Kf4 67. Rf7+ Ke4 0-1

[Event "Druzynowe Mistrzostwa Polski Juniorow - Ekstraliga"]
[Site "Centrum Wypoczynkowo-Szkoleniowe Gwarek, Ustron"]
[Date "1899-12-30"]
[Round "6.30"]
[White "Guzik, Natalia"]
[Black "Kalinowska, Zuzanna"]
[Result "0-1"]
[WhiteTitle "I++"]
[BlackTitle "k"]
[WhiteElo "1722"]
[BlackElo "1913"]

1. e4 e6 2. d4 d5 3. e5 c5 4. c3 Nc6 5. Nf3 Qb6 6. a3 c4 7. Nbd2 Na5 8. Be2 Bd7
9. O-O Ne7 10. Re1 Nc8 11. Nf1 Qc7 12. Rb1 Nb6 13. Bg5 h6 14. Bh4 g5 15. Bg3 Be7
16. Qc1 O-O-O 17. h4 Rdg8 18. h5 Ba4 19. N1h2 g4 20. Nd2 Bg5 21. Bd1 Nb3 22. Bxb3
Bxb3 23. Nhf1 Qe7 24. Ne3 Ba4 25. b3 Bxe3 26. Rxe3 Bxb3 27. Nxb3 cxb3 28. Rxb3
Nc4 29. Re1 b6 30. a4 Qg5 31. Qf4 Qxh5 32. Qf6 Re8 33. Qf4 Qf5 34. Qxf5 exf5 35.
Rb5 a6 36. Rxd5 Re6 37. Rb1 Kc7 38. Rb4 Kc6 39. Rc5+ bxc5 40. Rxc4 Rc8 41. Rxc5+
Kb7 42. Rxc8 Kxc8 43. Bf4 Rc6 44. Bd2 Rc4 45. Kh2 Rxa4 46. Kg3 Ra2 47. Bxh6 Rc2
48. Bf8 a5 49. d5 Kd7 50. f3 Rxc3 51. Kf4 gxf3 52. gxf3 a4 53. Bg7 Rd3 54. Kg3
Rxd5 55. Kf2 Ke6 56. Bf8 Rxe5 0-1

[Event "Druzynowe Mistrzostwa Polski Juniorow - Ekstraliga"]
[Site "Centrum Wypoczynkowo-Szkoleniowe Gwarek, Ustron"]
[Date "1899-12-30"]
[Round "7.1"]
[White "Koziol, Kamil"]
[Black "Kucharski, Bartlomiej"]
[Result "1-0"]
[WhiteTitle "k"]
[BlackTitle "II"]
[WhiteElo "2132"]
[BlackElo "1450"]

1. Nf3 Nf6 2. g3 g6 3. Bg2 Bg7 4. O-O O-O 5. c4 d6 6. d4 c5 7. Nc3 Nbd7 8. e4 e5
9. dxe5 dxe5 10. Qc2 Qe7 11. Rd1 h6 12. b3 b6 13. Bb2 Bb7 14. Rd2 Rad8 15. Rad1
h5 16. Re2 Rfe8 17. Nd5 Nxd5 18. exd5 Qd6 19. Rde1 Re7 20. Bh3 f5 21. Ng5 Nf8
22. Bg2 Rde8 23. h4 Bc8 24. a3 a5 25. Bc3 Kh8 26. Bxe5 Bxe5 27. Rxe5 Rxe5 28.
Rxe5 Qd7 29. Rxe8 Qxe8 30. Qc3+ Kg8 31. d6 Be6 32. Qf6 Bf7 33. Nxf7 Qxf7 34. Bd5
1-0

[Event "Druzynowe Mistrzostwa Polski Juniorow - Ekstraliga"]
[Site "Centrum Wypoczynkowo-Szkoleniowe Gwarek, Ustron"]
[Date "1899-12-30"]
[Round "7.2"]
[White "Lewtak, Dominik"]
[Black "Tomaszewski, Kacper"]
[Result "1/2-1/2"]
[WhiteTitle "k"]
[BlackTitle "k"]
[WhiteElo "2151"]
[BlackElo "2207"]

1. c4 Nf6 2. Nc3 d5 3. d4 g6 4. cxd5 Nxd5 5. Bd2 Bg7 6. e3 O-O 7. Nf3 c5 8. Qb3
Nb6 9. dxc5 N6d7 10. Qa3 Nc6 11. Rd1 e5 12. Bc4 Qe7 13. Ne4 b6 14. b4 Bb7 15.
Nd6 e4 16. Nd4 bxc5 17. bxc5 Nce5 18. Be2 Bd5 19. N4b5 Nd3+ 20. Bxd3 exd3 21.
O-O Ne5 22. e4 Be6 23. f4 Ng4 24. h3 a6 25. Qxd3 axb5 26. hxg4 Bxg4 27. Rb1 Bd7
28. a3 Bc6 29. Rfe1 Rfb8 30. Rb3 Qe6 31. Nxb5 Bxb5 32. Rxb5 Rd8 33. Qe2 Rxa3 34.
Bc1 Ra2 35. Qf3 Qc4 36. Qb3 Bd4+ 37. Be3 Bxe3+ 38. Rxe3 Qc1+ 39. Kh2 Ra1 40. Rb8
Rxb8 41. Qxb8+ Kg7 42. Qe5+ Kg8 43. Qb8+ Kg7 44. Qe5+ Kg8 45. Qe8+ Kg7 46. Qe5+
Kg8 1/2-1/2

[Event "Druzynowe Mistrzostwa Polski Juniorow - Ekstraliga"]
[Site "Centrum Wypoczynkowo-Szkoleniowe Gwarek, Ustron"]
[Date "1899-12-30"]
[Round "7.3"]
[White "Posluszny, Tomasz"]
[Black "Gaj, Szymon"]
[Result "1/2-1/2"]
[WhiteTitle "II"]
[BlackTitle "I"]
[WhiteElo "1440"]
[BlackElo "1821"]

1. d4 Nf6 2. c4 c5 3. d5 b5 4. cxb5 a6 5. b6 Qxb6 6. Nc3 d6 7. e4 g6 8. Nf3 Bg7
9. Be2 O-O 10. O-O Nbd7 11. a4 a5 12. Bb5 Bb7 13. Nd2 Rfb8 14. Nc4 Qc7 15. Bd2
Nb6 16. Qe2 Nxc4 17. Qxc4 Ng4 18. h3 Ne5 19. Qe2 Nd7 20. Rad1 Nb6 21. b3 Nc8 22.
Qd3 Na7 23. Bc4 Qb6 24. f4 Nc8 25. Kh1 Ba6 26. Nb5 Qb7 27. Qe2 Na7 28. Nxa7 Qxa7
29. Rb1 Rb6 30. Rfe1 Rab8 31. Bxa5 Bxc4 32. Bxb6 Rxb6 33. Qxc4 Rb4 34. Qd3 Qa5
35. Qd2 Qb6 36. Qa2 Qa5 37. Qd2 Qb6 38. Qa2 Qa5 39. Qd2 Rxa4 40. Qxa5 Rxa5 41.
Kg1 Bc3 42. Re2 Rb5 43. Rc2 Bd4+ 44. Kf1 Kg7 45. Ke2 Kf6 46. Kd3 e6 47. dxe6 fxe6
48. g4 Rb4 49. e5+ d5 50. Ra2+ Ke7 51. Rc2 Rb5 52. b4 1/2-1/2

[Event "Druzynowe Mistrzostwa Polski Juniorow - Ekstraliga"]
[Site "Centrum Wypoczynkowo-Szkoleniowe Gwarek, Ustron"]
[Date "1899-12-30"]
[Round "7.4"]
[White "Mis, Mieszko"]
[Black "Grochol, Kamil"]
[Result "1-0"]
[WhiteTitle "I"]
[BlackTitle "II"]
[WhiteElo "1806"]
[BlackElo "1402"]

1. e4 Nf6 2. Nc3 d5 3. e5 d4 4. exf6 dxc3 5. fxg7 cxd2+ 6. Bxd2 Bxg7 7. c3 Nc6
8. Nf3 Bf5 9. Qb3 Qc8 10. Bc4 O-O 11. Qa3 Be6 12. Be2 Rd8 13. h3 a6 14. O-O Rd7
15. Rad1 h6 16. Bf4 Bf5 17. Qc5 e6 18. Rxd7 Qxd7 19. Rd1 Qc8 20. g4 Be4 21. Qe3
Bxf3 22. Bxf3 Qf8 23. Bxc7 Qe7 24. Qb6 Rc8 25. Bd6 Qd7 26. Bc5 Qc7 27. Qxc7 Rxc7
28. Bb6 Rc8 29. Kg2 Be5 30. Rd7 Rb8 31. Bxc6 bxc6 32. Rd8+ Kg7 33. Rxb8 Bxb8 34.
Kf3 Kg6 35. Ke4 Bd6 36. c4 Be7 37. b3 Kg5 38. Be3+ Kg6 39. Ke5 Kg7 40. f4 Kh7
41. Bc1 Kg7 42. a3 a5 43. Bd2 Bxa3 44. Bxa5 Be7 45. b4 Kf8 46. b5 cxb5 47. cxb5
Ke8 48. h4 Kd7 49. g5 hxg5 50. fxg5 Kc8 51. Bd2 Kd7 52. h5 Ba3 53. Bc3 Ke8 54.
h6 Kf8 55. b6 Bc5 56. Bd4 1-0

[Event "Druzynowe Mistrzostwa Polski Juniorow - Ekstraliga"]
[Site "Centrum Wypoczynkowo-Szkoleniowe Gwarek, Ustron"]
[Date "1899-12-30"]
[Round "7.6"]
[White "Swiech, Joanna"]
[Black "Guzik, Natalia"]
[Result "0-1"]
[WhiteTitle "I++"]
[BlackTitle "I++"]
[WhiteElo "1798"]
[BlackElo "1722"]

1. d4 d5 2. c4 e6 3. Nc3 Be7 4. cxd5 exd5 5. Qb3 c6 6. Bf4 Nf6 7. e3 Nbd7 8. Bd3
O-O 9. Qc2 Re8 10. Nb5 cxb5 11. Bc7 Bb4+ 12. Ke2 Qe7 13. Bxb5 Ne4 14. Nf3 a6 15.
Bd3 Bd6 16. Bxd6 Qxd6 17. Bxe4 dxe4 18. Nd2 Nf6 19. Nc4 Qc6 20. Rac1 Be6 21. b3
b5 22. Na5 Qxc2+ 23. Rxc2 Rac8 24. Rhc1 Rxc2+ 25. Rxc2 Rc8 26. Rxc8+ Bxc8 27.
f3 Kf8 28. Nc6 Bb7 29. Nb4 Nd5 30. Nxd5 Bxd5 31. Kf2 Ke7 32. Kg3 a5 33. Kf4 exf3
34. gxf3 Bxb3 35. a3 b4 36. axb4 axb4 37. e4 Bd1 0-1

[Event "Druzynowe Mistrzostwa Polski Juniorow - Ekstraliga"]
[Site "Centrum Wypoczynkowo-Szkoleniowe Gwarek, Ustron"]
[Date "1899-12-30"]
[Round "7.7"]
[White "Piotrowski, Przemyslaw"]
[Black "Kiolbasa, Oliwia"]
[Result "1-0"]
[WhiteTitle "k"]
[BlackTitle "WFM"]
[WhiteElo "2292"]
[BlackElo "2210"]

1. Nf3 c5 2. b3 Nc6 3. Bb2 d6 4. d4 cxd4 5. Nxd4 Nf6 6. c4 g6 7. Nc3 Bg7 8. e3
O-O 9. Be2 Bd7 10. Bf3 Qa5 11. O-O Rfc8 12. Qd2 a6 13. Rfd1 Rab8 14. a4 Be8 15.
Ba3 Ne5 16. Be2 Qd8 17. f4 Ned7 18. Bf3 Nc5 19. Qc2 Qc7 20. Rac1 Bc6 21. Bd5 Nxd5
22. cxd5 Bd7 23. Ne4 Qd8 24. Bxc5 dxc5 25. Ne6 Qe8 26. Nxg7 Kxg7 27. Nxc5 Bg4
28. Rd2 Kg8 29. Qb2 Qd8 30. h3 Bd7 31. Rdc2 a5 32. Qd4 Be8 33. Kh2 b6 34. Ne4
Rxc2 35. Rxc2 f6 36. Rd2 h6 37. d6 Kg7 38. g4 Bc6 39. dxe7 Qxe7 40. Nxf6 Qxf6
41. Qxf6+ Kxf6 42. Rd6+ Kf7 43. Rxc6 b5 44. axb5 Rxb5 45. Rc3 h5 46. Kg3 hxg4
47. hxg4 Rd5 48. Kf3 Kf6 49. Rc6+ Kf7 50. Rb6 Rc5 51. Ke4 a4 52. bxa4 Rc4+ 53.
Ke5 Rxa4 54. Rb7+ Kf8 55. Kf6 Ra6+ 56. Kg5 Re6 57. Rb4 Rxe3 58. Kxg6 Re6+ 59.
Kg5 Ra6 60. f5 1-0

[Event "Druzynowe Mistrzostwa Polski Juniorow - Ekstraliga"]
[Site "Centrum Wypoczynkowo-Szkoleniowe Gwarek, Ustron"]
[Date "1899-12-30"]
[Round "7.8"]
[White "Szostko, Jakub"]
[Black "Grela, Kacper"]
[Result "0-1"]
[WhiteTitle "FM"]
[BlackTitle "k"]
[WhiteElo "2319"]
[BlackElo "2294"]

1. e4 c5 2. Nf3 d6 3. d4 cxd4 4. Nxd4 Nf6 5. Nc3 Nc6 6. Bg5 e6 7. Qd2 a6 8. O-O-O
h6 9. Be3 Nxd4 10. Bxd4 b5 11. f3 Qa5 12. Bxf6 gxf6 13. Kb1 b4 14. Ne2 Qc5 15.
Nd4 Bd7 16. Nb3 Qb6 17. Qd4 Qxd4 18. Rxd4 a5 19. Bc4 h5 20. Rhd1 h4 21. h3 a4
22. Nc1 Bc6 23. b3 a3 24. R4d2 Rg8 25. Re2 Rb8 26. c3 bxc3 27. Kc2 Rg5 28. Kxc3
f5 29. Nd3 fxe4 30. fxe4 Rc8 31. Ne1 d5 32. Nf3 Rh5 33. exd5 Bxd5 34. Kd3 Bg7
35. Rc2 Bxf3 36. Bb5+ Ke7 37. Rxc8 Bxd1 38. Rc7+ Kf6 39. Bc4 Rg5 40. Kd2 Bh5 41.
Bf1 Rf5 0-1

[Event "Druzynowe Mistrzostwa Polski Juniorow - Ekstraliga"]
[Site "Centrum Wypoczynkowo-Szkoleniowe Gwarek, Ustron"]
[Date "1899-12-30"]
[Round "7.9"]
[White "Gumularz, Szymon"]
[Black "Kosakowski, Jakub"]
[Result "1/2-1/2"]
[WhiteTitle "I++"]
[BlackTitle "k"]
[WhiteElo "2284"]
[BlackElo "2149"]

1. Nf3 Nf6 2. c4 c5 3. Nc3 Nc6 4. g3 g6 5. d4 cxd4 6. Nxd4 Bg7 7. Bg2 O-O 8. O-O
Nxd4 9. Qxd4 d6 10. Qd3 Rb8 11. Bd2 Be6 12. b3 a6 13. Rac1 Nd7 14. e4 b5 15. cxb5
axb5 16. Nd5 Bxd5 17. Qxd5 Ne5 18. Bb4 Qb6 19. Qd2 Nc6 20. Rfd1 Nxb4 21. Qxb4
Rfc8 22. Bf1 Rc5 23. Rxc5 dxc5 24. Qd2 Bd4 25. b4 e5 26. bxc5 Qxc5 27. Kg2 Ra8
28. Rb1 Qa3 29. Bxb5 Qxa2 30. Qxa2 Rxa2 31. Rf1 Kg7 32. Bc4 Rc2 33. Bb3 Rb2 34.
Bd5 f5 35. Kf3 fxe4+ 36. Bxe4 Rb3+ 37. Kg2 Rb2 38. Kf3 Rb3+ 39. Kg2 Rb2 40. Kf3
Kf6 1/2-1/2

[Event "Druzynowe Mistrzostwa Polski Juniorow - Ekstraliga"]
[Site "Centrum Wypoczynkowo-Szkoleniowe Gwarek, Ustron"]
[Date "1899-12-30"]
[Round "7.10"]
[White "Filewicz, Radoslaw"]
[Black "Czopor, Maciej"]
[Result "1/2-1/2"]
[WhiteTitle "I"]
[BlackTitle "I+"]
[WhiteElo "1773"]
[BlackElo "1791"]

1. d4 Nf6 2. Nf3 g6 3. g3 Bg7 4. Bg2 O-O 5. O-O d6 6. Nbd2 Nbd7 7. c3 e5 8. dxe5
dxe5 9. Qc2 Qe7 10. e4 b6 11. a4 Ba6 12. Re1 Rad8 13. b4 Bb7 14. Ba3 Rfe8 15.
Bf1 Bh6 16. Bc4 Nf8 17. h4 Qd7 18. Rad1 Qg4 19. Nh2 Qh3 20. Bf1 Qc8 21. Bd3 Qa8
22. Bc1 a5 23. f3 Ne6 24. b5 Nc5 25. Bc4 Re7 26. Ndf1 Bxc1 27. Rxc1 Red7 28. Rcd1
Qc8 29. Ne3 h5 30. Nhf1 c6 31. Kh2 cxb5 32. Bxb5 Bc6 33. Nc4 Rxd1 34. Rxd1 Rxd1
35. Qxd1 Bxb5 36. axb5 Qd7 37. Qb1 Qe6 38. Nfe3 Nfd7 39. Qd1 Kg7 40. Kg2 a4 41.
Nd5 Nb3 1/2-1/2